000 00699nam a22002057a 4500
005 20180417114850.0
010 _aENG-122638
020 _c795.00
_a9789386602596
035 _aEN-106170
037 _bDBAD/PUB
082 _a155.849483
100 _aMishra,Ramesh C.
245 _aEcology,culture and Human development /
_cby Ramesh C.Mishra [and] John W.Berry
260 _c2018
_aNew Delhi
_bSage Publications India Ltd.
270 _aB1/1-1 Mohan Cooperative Industrial Area,Mathura Road,
_bNew Delhi
_e110044
_mwww.sagepub.in
300 _c22cm(Hb)
_a216P.
500 _aIt includes references and index
700 _aBerry,John W.
942 _cEN
_2ddc
_mECO
_h155.849483
999 _c151286
_d151286